Greatest Bulls NBA Players - Statistics

General Stats
  • This quiz has been taken 301 times
  • The average score is 11 of 16
Answer Stats
Picture Answer % Correct
Michael Jordan
100%
Scottie Pippen
97%
Derrick Rose
96%
Dennis Rodman
94%
Jimmy Butler
86%
DeMar DeRozan
85%
Zach LaVine
84%
Joakim Noah
82%
Artis Gilmore
67%
Horace Grant
67%
Toni Kukoc
55%
Luol Deng
46%
Bob Love
34%
Bill Cartwright
29%
Jerry Sloan
25%
Chet Walker
8%
No matching quizzes found
Score Distribution
Percent of People with Each Score
Percentile by Number Answered
Your Score History
You have not taken this quiz